The magic school bus ups and downs : (Record no. 113069)
[ view plain ]
| 000 -LEADER | |
|---|---|
| fixed length control field | 00540nam a2200157 a 4500 |
| 005 - DATE AND TIME OF LATEST TRANSACTION | |
| control field | 20140414132001.0 |
| 008 - FIXED-LENGTH DATA ELEMENTS--GENERAL INFORMATION | |
| fixed length control field | 110212s19uu xx 00 eng d |
| 050 ## - LIBRARY OF CONGRESS CALL NUMBER | |
| Classification number | TR 532.25 |
| Item number | M37 1997 |
| 100 ## - MAIN ENTRY--PERSONAL NAME | |
| Personal name | Mason, Jane B. |
| 245 ## - TITLE STATEMENT | |
| Title | The magic school bus ups and downs : |
| Remainder of title | a book about floating and sinking / |
| Statement of responsibility, etc | [adaptation by Jane B. Mason ; illustrated by Nancy Stevenson]. |
| 260 ## - PUBLICATION, DISTRIBUTION, ETC. (IMPRINT) | |
| Place of publication, distribution, etc | New York : |
| Name of publisher, distributor, etc | Scholastic, |
| Date of publication, distribution, etc | c1997. |
| 650 ## - SUBJECT ADDED ENTRY--TOPICAL TERM | |
| Topical term or geographic name as entry element | Hydrostatics |
| 650 ## - SUBJECT ADDED ENTRY--TOPICAL TERM | |
| Topical term or geographic name as entry element | Floating bodies. |
| 650 ## - SUBJECT ADDED ENTRY--TOPICAL TERM | |
| Topical term or geographic name as entry element | Buoyant ascent (Hydrodynamics) |
| Withdrawn status | Lost status | Damaged status | Home library | Current library | Shelving location | Date acquired | Total Checkouts | Full call number | Barcode | Date last seen | Price effective from | Koha item type |
|---|---|---|---|---|---|---|---|---|---|---|---|---|
| Munich Library | Munich Library | Teachers Reference Section | 02/12/2011 | TR 532.25 M37 1997 | M4548 | 04/14/2014 | 04/14/2014 | Books |